Gerencia financiera un enfoque estratégico (Registro nro. 762)
[ vista simple ]
| 000 -CABECERA | |
|---|---|
| campo de control de longitud fija | 00677aam a2200241 4500 |
| 005 - FECHA Y HORA DE ACTUALIZACIÓN | |
| campo de control | 20231110194743.0 |
| 008 - LONGITUD FIJA | |
| campo de control de longitud fija | 150902b xxu||||| |||| 00| 0 spa d |
| 041 ## - IDIOMA | |
| Código de idioma del texto/pista de sonido o título separado | |
| 082 ## - CLASIFICACIÓN DECIMAL DEWEY | |
| Número de clasificación | 658.15 |
| Número de documento/Ítem | O77g |
| 100 ## - AUTOR PERSONAL | |
| Nombre de persona | Ortiz Gómez, Alberto |
| 245 ## - TÍTULO PROPIAMENTE DICHO | |
| Título | Gerencia financiera un enfoque estratégico |
| 260 ## - PIE DE IMPRENTA | |
| Lugar de publicación, distribución, etc. | Colombia |
| 260 ## - PIE DE IMPRENTA | |
| Nombre del editor, distribuidor, etc. | McGraw-Hill |
| 260 ## - PIE DE IMPRENTA | |
| Fecha de publicación, distribución, etc. | 1994 |
| 300 ## - DESCRIPCIÓN FÍSICA | |
| Extensión | 430 páginas |
| 650 ## - Materia General | |
| Materia general | ADMINISTRACION FINANCIERA |
| 650 ## - Materia General | |
| Materia general | GERENCIA FINANCIERA |
| 650 #0 - Materia General | |
| Materia general | INFLACIÓN |
| 650 ## - Materia General | |
| Materia general | PLANEACION ESTRATEGICA FINANCIERA |
| 650 ## - Materia General | |
| Materia general | DIAGNOSTICO FINANCIERO |
| 650 ## - Materia General | |
| Materia general | POLITICA DE FINANCIAMIENTO |
| 942 ## - Punto de Acceso Adicional Koha | |
| Tipo de ítem Koha | Libro |
| Estado perdido | Estado dañado | No para préstamo | Biblioteca permanente | Biblioteca actual | Signatura completa | Código de barras | Precio efectivo a partir del | Tipo de ítem |
|---|---|---|---|---|---|---|---|---|
| Departamento de Biblioteca y Documentación Alfonso Chase Brenes | Departamento de Biblioteca y Documentación Alfonso Chase Brenes | 658.15 O77g | 2642 | 12/05/2016 | Libro | |||
| Departamento de Biblioteca y Documentación Alfonso Chase Brenes | Departamento de Biblioteca y Documentación Alfonso Chase Brenes | 658.15 O77g | 2643 | 12/05/2016 | Libro |